Sports Quiz

Random Sports or NBA Quiz

NBA Playoff Leaders (Active) Quiz Stats

 Plays Quiz not verified by Sporcle

Challenge
Share
Tweet
Embed
Score 0/60 Timer 04:00
0 Plays Today
Total Player % Correct
StealsKobe Bryant
99.2%
GamesKobe Bryant
99.2%
PointsKobe Bryant
99.2%
AssistsKobe Bryant
99.2%
ReboundsKobe Bryant
99.2%
StealsKevin Garnett
99.2%
BlocksKobe Bryant
99.2%
GamesShaquille O'Neal
98%
PointsShaquille O'Neal
98%
BlocksShaquille O'Neal
98%
ReboundsShaquille O'Neal
98%
AssistsShaquille O'Neal
98%
BlocksJermaine O'Neal
97.2%
GamesSteve Nash
96.3%
GamesTim Duncan
95.1%
PointsTim Duncan
95.1%
ReboundsTim Duncan
95.1%
AssistsTim Duncan
95.1%
BlocksTim Duncan
95.1%
AssistsSteve Nash
93.9%
PointsSteve Nash
93.9%
AssistsJason Kidd
93.5%
GamesJason Kidd
93.5%
PointsLeBron James
93.5%
AssistsLeBron James
93.5%
ReboundsJason Kidd
93.5%
StealsJason Kidd
93.5%
ReboundsKevin Garnett
93.1%
BlocksKevin Garnett
93.1%
PointsPaul Pierce
92.7%
Total Player % Correct
StealsPaul Pierce
92.7%
PointsDirk Nowitzki
91.1%
ReboundsDirk Nowitzki
91.1%
BlocksDirk Nowitzki
91.1%
GamesTony Parker
89.8%
PointsTony Parker
89.8%
AssistsTony Parker
89.8%
StealsManu Ginobili
87%
GamesDerek Fisher
84.6%
GamesChauncey Billups
84.6%
PointsChauncey Billups
84.6%
AssistsDerek Fisher
84.6%
AssistsChauncey Billups
84.6%
StealsChauncey Billups
84.6%
StealsDerek FIsher
84.6%
GamesBen Wallace
83.3%
ReboundsBen Wallace
83.3%
StealsBen Wallace
83.3%
BlocksBen Wallace
83.3%
GamesRip Hamilton
79.3%
PointsRip Hamilton
79.3%
StealsRip Hamilton
79.3%
ReboundsPau Gasol
76.4%
BlocksPau Gasol
76.4%
BlocksDwight Howard
75.6%
AssistsRajon Rondo
61.8%
ReboundsLamar Odom
61.8%
StealsRajon Rondo
61.8%
ReboundsShawn Marion
59.8%
BlocksMarcus Camby
55.7%

You're not logged in!

Compare scores with friends on all Sporcle quizzes.
OR
Log In

You Might Also Like...

Show Comments

Extras

Top Quizzes Today


Score Distribution

Your Account Isn't Verified!

In order to create a playlist on Sporcle, you need to verify the email address you used during registration. Go to your Sporcle Settings to finish the process.

Report this User

Report this user for behavior that violates our Community Guidelines.

Details: